| 000 | 00357nam a22001457a 4500 | ||
|---|---|---|---|
| 005 | 20240708122909.0 | ||
| 008 | 240708b |||||||| |||| 00| 0 eng d | ||
| 020 | _a978-93-5048-228-5 | ||
| 041 | _aeng | ||
| 100 |
_aVASLEKAR, SANDEEP _98451 |
||
| 245 | _aNAYE BHARAT KA NIRMAAN | ||
| 260 |
_aNEW DELHI _bPRABHAT PAPERBACKS |
||
| 300 | _a192;P | ||
| 942 | _cBK | ||
| 999 |
_c8567 _d8565 |
||